[Event "Kuwait Rapid op 1st"]
[Site "Kuwait City"]
[Date "2025.01.10"]
[Round "6"]
[White "Parthieswar, Sai Muppavara"]
[Black "Ali, Ahamed Mezhir"]
[Result "0-1"]
[WhiteElo "1506"]
[BlackElo "1819"]
[PlyCount "92"]
[EventDate "2025.01.09"]
[EventType "swiss (rapid)"]
[EventRounds "9"]
[EventCountry "KUW"]
[SourceTitle "CB03_2025"]
[SourceDate "2025.01.15"]
[SourceVersion "1"]
[SourceVersionDate "2025.01.15"]
[SourceQuality "1"]

1. d4 Nf6 2. Bf4 d5 3. e3 Bf5 4. c3 e6 5. Nf3 Bd6 6. Ne5 Nbd7 7. Nxd7 Qxd7 8. Bxd6 cxd6 9. Nd2 0-0 10. Nf3 h6 11. Bd3 Ne4 12. Nd2 Rac8 13. f3 Nxd2 14. Qxd2 Bxd3 15. Qxd3 Rfd8 16. 0-0 Rc6 17. e4 dxe4 18. fxe4 Rb6 19. b4 Rc6 20. Rac1 Rdc8 21. Rf3 Rc4 22. d5 e5 23. Rcf1 f6 24. Rg3 Qc7 25. Rxf6 Kh8 26. Rfg6 Qb6+ 27. Kf1 Rxc3 28. Qxc3 Rxc3 29. Rxc3 Qxb4 30. Rc8+ Kh7 31. Rg3 Qxe4 32. Rc7 Qf4+ 33. Ke2 Qe4+ 34. Kd2 Qxd5+ 35. Ke3 Qd4+ 36. Ke2 Qb2+ 37. Kd3 Qd4+ 38. Ke2 e4 39. Rcxg7+ Qxg7 40. Rxg7+ Kxg7 41. Ke3 d5 42. Kd4 Kf6 43. g4 Kg5 44. h3 Kf4 45. a4 e3 46. Kd3 Kf3 0-1